[Event "SR 4. liga A21 2009/2010"]
[Site "?"]
[Date "2010.02.21"]
[Round "9.5"]
[White "Bardik, Jozef"]
[Black "Cerovsky, Marian"]
[Result "1-0"]
[WhiteElo "1813"]
[BlackElo "1732"]
[PlyCount "150"]
[EventDate "2010.??.??"]

1. d4 d5 2. c4 c6 3. cxd5 Qxd5 4. Nc3 Qa5 5. Bd2 Qb6 6. Bc1 e6 7. e3 Nf6 8. Bd3
Nbd7 9. Nge2 Qc7 10. O-O Ng4 11. f4 f5 12. h3 Ngf6 13. Bc4 Nb6 14. Bb3 Bd7 15.
a3 h6 16. Ng3 O-O-O 17. Nh5 Nbd5 18. Nxd5 Nxd5 19. Bxd5 exd5 20. b4 Be8 21. Ng3
Qf7 22. Qe2 Bd7 23. b5 g6 24. a4 Bd6 25. a5 Kb8 26. bxc6 Bxc6 27. a6 Qc7 28.
axb7 Bxb7 29. Qa2 a6 30. Bd2 Qc4 31. Qb2 Qb5 32. Qa2 Qc4 33. Rfb1 Qxa2 34. Rxa2
Ka8 35. Rb6 Rh7 36. Ne2 g5 37. Nc3 Bc7 38. Rf6 gxf4 39. exf4 Bc8 40. Nb5 Bb8
41. Rg6 Ba7 42. Nxa7 Kxa7 43. Bb4 Re8 44. Bc5+ Ka8 45. Kf2 h5 46. h4 Bb7 47.
Bd6 Ka7 48. g3 Ka8 49. Be5 Ka7 50. Ra5 Rc8 51. Rc5 Ka8 52. Ke3 Ka7 53. Kd3 Ka8
54. Kc3 Ka7 55. Kb4 Ka8 56. Ka5 Ka7 57. Kb4 Ka8 58. Ka4 Ka7 59. Ka5 Rf8 60. Bc7
Re8 61. Bb6+ Ka8 62. Kb4 Kb8 63. Rc3 Ka8 64. Ka5 Kb8 65. Bc5 Ka8 66. Kb6 Kb8
67. Bd6+ Ka8 68. Bc7 Rc8 69. Rcc6 Rcxc7 70. Rxc7 Rxc7 71. Kxc7 Ka7 72. Rg5 a5
73. Rxf5 a4 74. Rxh5 Ka6 75. Re5 Kb5 1-0

[Event "SR 4. liga A21 2009/2010"]
[Site "?"]
[Date "2010.02.21"]
[Round "9.5"]
[White "Blanarik, Dominik"]
[Black "Fedorko, Tomas"]
[Result "1-0"]
[WhiteElo "1570"]
[BlackElo "1379"]
[PlyCount "45"]
[EventDate "2010.??.??"]

1. e4 g6 2. d4 d6 3. Nc3 Bg7 4. Nf3 Nf6 5. Be3 O-O 6. h3 Re8 7. Bc4 e6 8. Bb3
d5 9. e5 Ne4 10. Nxe4 dxe4 11. Ng5 Qe7 12. Nxe4 Qb4+ 13. c3 Qb5 14. Ba4 Qd5 15.
Qf3 Rf8 16. O-O Nc6 17. Nf6+ Bxf6 18. Qxf6 Nxe5 19. Bh6 Nf3+ 20. gxf3 Qg5+ 21.
Bxg5 h6 22. Bxh6 Kh7 23. Qg7# 1-0

[Event "SR 4. liga A21 2009/2010"]
[Site "?"]
[Date "2010.02.21"]
[Round "9.5"]
[White "Dubecky, Ladislav"]
[Black "Nemsak, Denis"]
[Result "0-1"]
[WhiteElo "1568"]
[BlackElo "1645"]
[PlyCount "110"]
[EventDate "2010.??.??"]

1. e4 d5 2. e5 d4 3. f4 a6 4. Nf3 Nc6 5. a3 e6 6. Bc4 b5 7. Ba2 Bc5 8. d3 Nge7
9. b4 Bb6 10. c4 dxc3 11. Nxc3 Bb7 12. Ne4 Ng6 13. Nc5 Bxc5 14. bxc5 Nd4 15.
Ng5 Bxg2 16. Rg1 Bd5 17. Be3 Bxa2 18. Rxa2 Qd5 19. Bxd4 Qxa2 20. Qf3 O-O 21. f5
exf5 22. Qxf5 Rad8 23. Bf2 Qa1+ 24. Ke2 Qxe5+ 25. Qxe5 Nxe5 26. d4 Nc4 27. Ra1
Rfe8+ 28. Kf1 Nd2+ 29. Kg1 h6 30. Nh3 Nf3+ 31. Kh1 Nxd4 32. Bg3 Nb3 33. Ra2
Rd1+ 34. Ng1 Rd2 35. Rxd2 Nxd2 36. Bxc7 Rc8 37. Bb6 Nb3 38. Ne2 Nxc5 39. Ba5
Nb3 40. Bb4 a5 41. Bd6 Rc2 42. Nf4 Rc4 43. Ne2 Rc6 44. Bg3 b4 45. axb4 axb4 46.
Kg1 Rc2 47. Kf1 Nc1 48. Nd4 Rc4 49. Nb5 b3 50. Na3 Ra4 51. Nb1 Ra1 52. Nd2 b2
53. Be5 Nd3+ 54. Ke2 Nxe5 55. h3 Nc4 0-1

[Event "SR 4. liga A21 2009/2010"]
[Site "?"]
[Date "2010.02.21"]
[Round "9.5"]
[White "Kovarik, Oto"]
[Black "Gono, Michal"]
[Result "1/2-1/2"]
[WhiteElo "2053"]
[BlackElo "1852"]
[PlyCount "110"]
[EventDate "2010.??.??"]

1. e4 Nc6 2. d4 d5 3. exd5 Qxd5 4. Nf3 Bg4 5. Be2 O-O-O 6. c4 Qf5 7. Be3 e6 8.
a3 Nf6 9. Nbd2 h5 10. h3 Bxf3 11. Nxf3 h4 12. Bd3 Qh5 13. Qc2 g5 14. O-O-O g4
15. hxg4 Qxg4 16. Be2 Qe4 17. Qxe4 Nxe4 18. Rxh4 Rxh4 19. Nxh4 Be7 20. Nf3 Rg8
21. g3 a6 22. Nd2 Nxd2 23. Rxd2 Bf6 24. Bf3 Na5 25. Rd1 Nxc4 26. Bf4 Rd8 27.
Bh5 Rd7 28. Be2 Na5 29. Be5 Nb3+ 30. Kb1 Bxe5 31. dxe5 Nd2+ 32. Kc2 Ne4 33.
Rxd7 Kxd7 34. Bf3 Nxf2 35. Bxb7 Ng4 36. Bxa6 Nxe5 37. Be2 f5 38. Kc3 c5 39. b4
cxb4+ 40. Kxb4 Kc6 41. a4 Kb6 42. a5+ Ka7 43. Kc5 f4 44. gxf4 Ng6 45. Kd6 Nxf4
46. Bc4 Nd5 47. Kxe6 Ne3 48. Bb5 Nc2 49. Kd5 Nb4+ 50. Kc4 Na6 51. Bd7 Nc7 52.
Kb4 Nd5+ 53. Kb5 Nc3+ 54. Kb4 Nd5+ 55. Ka4 Nb6+ 1/2-1/2

[Event "SR 4. liga A21 2009/2010"]
[Site "?"]
[Date "2010.02.21"]
[Round "9.5"]
[White "Strapko, Tomas"]
[Black "Damborsky, Pavol"]
[Result "1-0"]
[WhiteElo "1595"]
[BlackElo "1667"]
[PlyCount "97"]
[EventDate "2010.??.??"]

1. d4 d5 2. c4 c6 3. Nc3 Nf6 4. Bg5 Nbd7 5. Nf3 h6 6. Bf4 e6 7. e3 Be7 8. Bd3
O-O 9. e4 dxe4 10. Nxe4 Nxe4 11. Bxe4 Nf6 12. Bc2 Bd6 13. Bxd6 Qxd6 14. O-O b6
15. Qd3 Bb7 16. Ne5 c5 17. Ng4 Ne4 18. Rad1 f5 19. Ne3 Rad8 20. d5 Qe5 21. g4
g6 22. f3 Nd6 23. dxe6 Qxe6 24. Nd5 Bxd5 25. Qxd5 Qxd5 26. Rxd5 Nxc4 27. Bb3
Rxd5 28. Bxc4 fxg4 29. fxg4 Rfd8 30. Rd1 Kg7 31. Rxd5 Rxd5 32. Bxd5 Kf6 33. Bb7
Ke5 34. Kf2 Kd4 35. Ba6 g5 36. h3 c4 37. a4 Kc5 38. Ke3 Kb4 39. Bb5 a6 40. Bxa6
Kxa4 41. Bxc4 Kb4 42. b3 Kc5 43. Ke4 b5 44. Bg8 b4 45. Kf5 Kd4 46. Kg6 Ke4 47.
Kxh6 Kf4 48. Kg6 Kg3 49. Kxg5 1-0

[Event "SR 4. liga A21 2009/2010"]
[Site "?"]
[Date "2010.02.21"]
[Round "9.6"]
[White "Bajcar, Pavol"]
[Black "Drabek, Martin"]
[Result "0-1"]
[WhiteElo "1426"]
[BlackElo "1449"]
[PlyCount "70"]
[EventDate "2010.??.??"]

1. e4 e5 2. Nf3 Nc6 3. Bc4 Nf6 4. d3 h6 5. Be3 Bb4+ 6. c3 Ba5 7. Nbd2 d6 8. b4
Bb6 9. Qb3 O-O 10. O-O Bxe3 11. fxe3 a6 12. Qd1 Bg4 13. h3 Bh5 14. Rf2 d5 15.
exd5 Nxd5 16. Bxd5 Qxd5 17. Qc2 Rad8 18. d4 exd4 19. exd4 Rfe8 20. Re1 Rxe1+
21. Nxe1 Re8 22. Ndf3 Qc4 23. Qd3 Qxd3 24. Nxd3 Re3 25. Nfe1 Ne7 26. Rd2 Nd5
27. Kf2 Re6 28. c4 Rf6+ 29. Kg1 Ne3 30. c5 Rf1+ 31. Kh2 Rxe1 32. Nxe1 Nf1+ 33.
Kg1 Nxd2 34. d5 Kf8 35. a3 Be2 0-1

[Event "SR 4. liga A21 2009/2010"]
[Site "?"]
[Date "2010.02.21"]
[Round "9.6"]
[White "Bjel, Lubos"]
[Black "Leska, Marian"]
[Result "1-0"]
[WhiteElo "1621"]
[BlackElo "1668"]
[PlyCount "97"]
[EventDate "2010.??.??"]

1. e4 e6 2. d4 d5 3. exd5 exd5 4. Nf3 Nf6 5. Bd3 Be7 6. Be3 Bg4 7. Nbd2 Nbd7 8.
c3 c6 9. Qc2 a5 10. O-O Be6 11. Rfe1 h6 12. Re2 O-O 13. Rae1 Bd6 14. Bf5 Re8
15. Bxe6 Rxe6 16. Nf1 Ne4 17. Ng3 Nxg3 18. fxg3 Qc7 19. Bd2 Rae8 20. Rxe6 Rxe6
21. Rxe6 fxe6 22. Qg6 Nf8 23. Qg4 Kh8 24. Bf4 Qe7 25. Bxd6 Qxd6 26. Qf4 Qe7 27.
Ne5 Kh7 28. Qf7 Qxf7 29. Nxf7 b6 30. Nd8 c5 31. dxc5 bxc5 32. Nb7 d4 33. Nxc5
dxc3 34. bxc3 e5 35. a4 g5 36. Nb3 Nd7 37. Nxa5 Nb6 38. Nc6 Nxa4 39. c4 e4 40.
Kf2 Nb6 41. Ne5 Kg7 42. Ke3 Kf6 43. Kxe4 Ke6 44. Kd4 Nc8 45. g4 Ne7 46. g3 Nc8
47. h4 Ne7 48. c5 Nd5 49. Nf7 1-0

[Event "SR 4. liga A21 2009/2010"]
[Site "?"]
[Date "2010.02.21"]
[Round "9.6"]
[White "Krchnak, Rudolf"]
[Black "Vepy, Ivan"]
[Result "0-1"]
[WhiteElo "1914"]
[BlackElo "1920"]
[PlyCount "72"]
[EventDate "2010.??.??"]

1. d4 Nf6 2. Nc3 d5 3. Bg5 e6 4. e4 dxe4 5. Nxe4 Be7 6. Nf3 Nxe4 7. Bxe7 Qxe7
8. c3 O-O 9. Bd3 f5 10. Qc2 Nd7 11. O-O-O Ndf6 12. h3 Nd5 13. Bxe4 fxe4 14.
Qxe4 Rf4 15. Qd3 Bd7 16. Rde1 Raf8 17. Re5 R8f5 18. Rhe1 Qf6 19. Rxf5 Rxf5 20.
Ne5 Be8 21. f3 Qg5+ 22. Qd2 Nf4 23. Kd1 Qxg2 24. Qxg2 Nxg2 25. Rg1 Nh4 26. Ke2
Bh5 27. Rg3 c5 28. Ke3 Rxe5+ 29. dxe5 Nf5+ 30. Kf4 Nxg3 31. Kxg3 Kf7 32. b4 b6
33. Kf4 Bg6 34. bxc5 bxc5 35. h4 Bb1 36. a3 Kg6 0-1

[Event "SR 4. liga A21 2009/2010"]
[Site "?"]
[Date "2010.02.21"]
[Round "9.6"]
[White "Zlamal, Marek"]
[Black "Tomasovic, Martin"]
[Result "0-1"]
[WhiteElo "1505"]
[BlackElo "1534"]
[PlyCount "58"]
[EventDate "2010.??.??"]

1. c4 e5 2. Nc3 Nf6 3. d3 Bc5 4. Bg5 d6 5. h3 h6 6. Bh4 Be6 7. e4 Nc6 8. Nf3
O-O 9. Be2 Nd4 10. O-O a6 11. a4 g5 12. Bg3 Nxe2+ 13. Qxe2 Kh7 14. Nd2 Rg8 15.
Kh2 g4 16. h4 Nh5 17. Rab1 a5 18. b3 c6 19. Nd1 Qe7 20. Ne3 Raf8 21. Nc2 Nf4
22. Qd1 Nxd3 23. f3 f5 24. exf5 Bxf5 25. Ne4 Bxe4 26. fxe4 Nf4 27. Be1 Nh5 28.
Rxf8 Qxf8 29. g3 Qf1 0-1

[Event "SR 4. liga A21 2009/2010"]
[Site "?"]
[Date "2010.03.07"]
[Round "10.1"]
[White "Kupkovic, Miroslav"]
[Black "Leska, Marian"]
[Result "1/2-1/2"]
[WhiteElo "1690"]
[BlackElo "1668"]
[PlyCount "30"]
[EventDate "2010.??.??"]

1. d4 d5 2. c4 e6 3. Nc3 Nf6 4. cxd5 exd5 5. Bg5 Be7 6. Qc2 Be6 7. e3 c6 8. Bd3
h6 9. Bh4 Nbd7 10. Nge2 Nh5 11. Bxe7 Qxe7 12. Bf5 O-O 13. O-O Rfe8 14. Bxe6
Qxe6 15. Ng3 Ndf6 1/2-1/2

[Event "SR 4. liga A21 2009/2010"]
[Site "?"]
[Date "2010.03.07"]
[Round "10.1"]
[White "Pripko, Bystrik"]
[Black "Drabek, Martin"]
[Result "1-0"]
[WhiteElo "1591"]
[BlackElo "1449"]
[PlyCount "91"]
[EventDate "2010.??.??"]

1. e4 e5 2. Nf3 Nc6 3. Bc4 Bc5 4. Nc3 d6 5. h3 Nf6 6. d3 h6 7. a3 a6 8. O-O O-O
9. Be3 Nd4 10. Nd5 c6 11. Nxf6+ Qxf6 12. Nxd4 exd4 13. Bd2 Qg6 14. Kh1 Re8 15.
Bf4 Qf6 16. Bg3 b5 17. Ba2 Bb7 18. Qh5 Rf8 19. Rae1 Bc8 20. b4 Bb6 21. e5 dxe5
22. Bxe5 Qf5 23. Qh4 a5 24. Bb3 axb4 25. axb4 Be6 26. Bxe6 fxe6 27. Bxd4 Bd8
28. Qg3 Bf6 29. Bxf6 Qxf6 30. Qd6 Qc3 31. Qxe6+ Kh8 32. Rc1 Rae8 33. Qd6 Rd8
34. Qc5 Qd2 35. f3 Rc8 36. Rcd1 Qf4 37. Rde1 Rf5 38. Qc3 Rg5 39. Re4 Qg3 40.
Rg4 Rxg4 41. fxg4 Qe3 42. Rf7 Qg5 43. Rf5 Qe7 44. d4 Kg8 45. Rxb5 Qe2 46. Rf5
1-0

[Event "SR 4. liga A21 2009/2010"]
[Site "?"]
[Date "2010.03.07"]
[Round "10.1"]
[White "Slaby, Marian"]
[Black "Vepy, Ivan"]
[Result "0-1"]
[WhiteElo "1856"]
[BlackElo "1920"]
[PlyCount "68"]
[EventDate "2010.??.??"]

1. d4 Nf6 2. c4 e6 3. Nc3 d5 4. Bg5 Be7 5. e3 O-O 6. Nf3 b6 7. Bd3 Ba6 8. cxd5
exd5 9. Bxa6 Nxa6 10. a3 c5 11. O-O Nc7 12. Rc1 Ne6 13. Bh4 h6 14. Re1 a6 15.
Ne5 Rc8 16. Qa4 cxd4 17. exd4 b5 18. Qd1 g5 19. Bg3 b4 20. axb4 Bxb4 21. Qa4
Qb6 22. Nf3 Rfd8 23. Be5 Ne4 24. Nxd5 Rxc1 25. Rxc1 Rxd5 26. Qe8+ Bf8 27. Rc6
Qxb2 28. h3 Rd8 29. Rxe6 Rxe8 30. Rxe8 Qxf2+ 31. Kh2 f6 32. Bb8 Qb2 33. d5 Kf7
34. Rxe4 Qxb8+ 0-1

[Event "SR 4. liga A21 2009/2010"]
[Site "?"]
[Date "2010.03.07"]
[Round "10.1"]
[White "Vogl, Zdenek"]
[Black "Slaby, Jozef"]
[Result "1-0"]
[WhiteElo "1887"]
[BlackElo "1963"]
[PlyCount "109"]
[EventDate "2010.??.??"]

1. e4 e6 2. d4 d5 3. exd5 exd5 4. Nf3 Bg4 5. Be2 Bd6 6. O-O Nd7 7. Bg5 f6 8.
Bh4 Ne7 9. Bg3 Bxg3 10. fxg3 c6 11. Nh4 Bxe2 12. Qxe2 O-O 13. Nd2 Rf7 14. Rae1
Nf8 15. Nb3 b6 16. Nc1 Qd7 17. Nd3 Nfg6 18. Qf3 Nxh4 19. gxh4 Ng6 20. h5 Nf8
21. Re2 Re7 22. Rxe7 Qxe7 23. Re1 Qd7 24. h6 Re8 25. Rxe8 Qxe8 26. hxg7 Kxg7
27. Kf2 Qg6 28. Qg3 Qxg3+ 29. Kxg3 Ne6 30. c3 a5 31. Kg4 c5 32. Nf4 Nc7 33. Kf5
Kf7 34. g4 cxd4 35. cxd4 b5 36. g5 fxg5 37. Kxg5 b4 38. Kf5 a4 39. Ke5 b3 40.
a3 Nb5 41. Nd3 Ke7 42. Kxd5 Nc7+ 43. Kc4 Kd6 44. Nc5 Nd5 45. Nxa4 h5 46. Nc3
Ne3+ 47. Kxb3 h4 48. Ne2 Kd5 49. a4 Ke4 50. a5 Kf3 51. a6 Nd5 52. a7 Nb6 53. d5
Kg2 54. d6 Kxh2 55. d7 1-0

[Event "SR 4. liga A21 2009/2010"]
[Site "?"]
[Date "2010.03.07"]
[Round "10.2"]
[White "Bjel, Lubos"]
[Black "Nemsak, Denis"]
[Result "1/2-1/2"]
[WhiteElo "1621"]
[BlackElo "1645"]
[PlyCount "61"]
[EventDate "2010.??.??"]
[TimeControl "240+2"]

{319MB, Fritz11.ctg} 1. e4 d5 2. exd5 Nf6 3. Nf3 Nxd5 4. Bc4 Bg4 5. h3 Bh5 6.
d3 e6 7. Qe2 Nb6 8. O-O Be7 9. Be3 Bf6 10. c3 O-O 11. Nbd2 Nc6 12. Bc5 Re8 13.
Bb5 Qd7 14. Rfe1 Rad8 15. Ne4 {=} Be7 16. g4 Bg6 17. Ne5 Qd5 18. Bxe7 {=} Rxe7
19. Bxc6 bxc6 20. f4 f6 21. Nxg6 hxg6 22. d4 Kf7 23. b3 Rh8 24. Kh2 {=} Nd7 25.
c4 Qxd4 26. Rad1 Qb6 27. Rxd7 Rxd7 28. Ng5+ Kf8 29. c5 Qb4 {=} 30. Qxe6 Qxf4+
31. Kg1 {=} 1/2-1/2

[Event "SR 4. liga A21 2009/2010"]
[Site "?"]
[Date "2010.03.07"]
[Round "10.2"]
[White "Gono, Michal"]
[Black "Krchnak, Rudolf"]
[Result "1-0"]
[WhiteElo "1852"]
[BlackElo "1914"]
[PlyCount "86"]
[EventDate "2010.??.??"]
[TimeControl "240+2"]

{319MB, Fritz11.ctg} 1. d4 Nf6 2. Nf3 e6 3. Bg5 Be7 4. e3 b6 5. Bd3 Bb7 6. Nbd2
h6 7. Bh4 d6 8. h3 Nbd7 9. O-O O-O 10. Bg3 a5 11. a4 Ba6 12. Qe2 Bxd3 13. Qxd3
d5 14. Rae1 Nh5 15. Bh2 Bd6 16. Bxd6 cxd6 17. c3 Nhf6 18. e4 dxe4 19. Nxe4 Nxe4
20. Qxe4 Nf6 21. Qc2 Rc8 22. Nd2 Rc6 23. f4 Qb8 24. Qd3 Re8 25. Qb5 Qb7 26. f5
d5 27. Nf3 exf5 28. Rxe8+ Nxe8 29. Qxd5 Qc8 30. Ne5 Rf6 31. Qb5 g6 32. Nd7 Rd6
33. Nxb6 Qb8 34. Nc4 Qxb5 35. axb5 Rd8 36. Nxa5 Nd6 37. c4 Ra8 38. b4 Kf8 39.
b6 Ke8 40. c5 Ne4 41. c6 Nd6 42. b7 Nxb7 43. cxb7 Kd7 1-0

[Event "SR 4. liga A21 2009/2010"]
[Site "?"]
[Date "2010.03.07"]
[Round "10.2"]
[White "Matejovic, Ludovit"]
[Black "Lajda, Dusan"]
[Result "1/2-1/2"]
[WhiteElo "1609"]
[BlackElo "1872"]
[PlyCount "138"]
[EventDate "2010.??.??"]
[TimeControl "240+2"]

{319MB, Fritz11.ctg} 1. e4 c5 2. Nf3 Nc6 3. Nc3 d6 4. d4 cxd4 5. Nxd4 Nf6 6.
Bb5 Bd7 7. Nxc6 bxc6 8. Bc4 g6 9. Bg5 Bg7 10. Qf3 O-O 11. h3 Rb8 12. Bb3 Qc8
13. Rd1 Be6 14. O-O Re8 15. Rfe1 Nd7 16. Bxe6 fxe6 17. b3 c5 18. Ne2 Ne5 19.
Qg3 Nc6 20. Qh4 Rb7 21. Nf4 Ne5 22. Bh6 Bxh6 23. Qxh6 Rf8 24. Re3 Nf7 25. Qh4
e5 26. Nd5 Qe6 27. Rg3 Nh8 28. Rdd3 a5 29. Rdf3 Rxf3 30. Rxf3 Nf7 31. Qg3 Nd8
32. h4 Nc6 33. c3 Rb8 34. h5 Kg7 35. Qg5 Rb7 36. Ne3 Kh8 37. hxg6 Qxg6 38. Rf8+
Kg7 39. Qxg6+ hxg6 40. Rc8 Na7 41. Re8 Kf7 42. Rh8 Kg7 43. Rh3 Nb5 44. c4 Nd4
45. Nd5 Ne2+ 46. Kf1 Nf4 47. Rf3 Nxd5 48. exd5 a4 49. Ke1 Ra7 50. a3 axb3 51.
Rxb3 Ra4 52. Rc3 e6 53. dxe6 Kf6 54. Kd2 Kxe6 55. Kc2 e4 56. Kb3 Ra8 57. Re3
Kf5 58. f3 exf3 59. Rxf3+ Ke5 60. Rg3 Kf5 61. Rd3 Ra6 62. Kc2 Ke4 63. Rg3 Kf5
64. Rd3 g5 65. Rg3 g4 66. Rd3 Ke4 67. Rg3 Kf4 68. Rd3 Ra4 69. Kb3 Ra6 1/2-1/2

[Event "SR 4. liga A21 2009/2010"]
[Site "?"]
[Date "2010.03.07"]
[Round "10.2"]
[White "Smrek, Peter"]
[Black "Bardik, Jozef"]
[Result "1-0"]
[WhiteElo "1919"]
[BlackElo "1813"]
[PlyCount "61"]
[EventDate "2010.??.??"]
[TimeControl "240+2"]

{319MB, Fritz11.ctg} 1. e4 c6 2. d4 d5 3. exd5 cxd5 4. c4 Nc6 5. Be3 Nf6 6. Nc3
e6 7. Nf3 Be7 8. h3 O-O 9. Ne5 a6 10. Bd3 dxc4 11. Nxc6 bxc6 12. Bxc4 Bb7 13.
Qd3 Nd5 14. Nxd5 cxd5 15. Bb3 Bb4+ 16. Bd2 Qa5 17. O-O-O Rac8+ 18. Bc2 g6 19.
Kb1 Rc6 20. Bh6 Rfc8 21. Bb3 Bf8 22. Qe3 Bxh6 23. Qxh6 Qb6 24. h4 Qd8 25. h5
Qf6 26. Rh3 Qf5+ 27. Ka1 Qg4 28. a3 Qf5 29. hxg6 fxg6 30. Qxh7+ Kf8 31. Rf3 1-0

[Event "SR 4. liga A21 2009/2010"]
[Site "?"]
[Date "2010.03.07"]
[Round "10.2"]
[White "Strapko, Tomas"]
[Black "Tomasovic, Martin"]
[Result "1-0"]
[WhiteElo "1595"]
[BlackElo "1534"]
[PlyCount "61"]
[EventDate "2010.??.??"]
[TimeControl "240+2"]

{319MB, Fritz11.ctg} 1. d4 d5 2. c4 Nf6 3. Nc3 e6 4. Bg5 Be7 5. Nf3 h6 6. Bxf6
Bxf6 7. e3 O-O 8. Bd3 dxc4 9. Bxc4 c6 10. O-O b5 11. Bb3 Re8 12. Bc2 Na6 13. a3
Bb7 14. b4 c5 15. bxc5 Nxc5 16. Nxb5 a6 17. Nc3 Nd7 18. Ne4 Be7 19. Qd3 Bxe4
20. Qxe4 Nf6 21. Qd3 g6 22. Ne5 g5 23. f4 Bd6 24. fxg5 hxg5 25. Nxf7 Bxh2+ 26.
Kxh2 Qc7+ 27. Ne5 Ng4+ 28. Kg1 Nxe5 29. dxe5 Qg7 30. Rf6 Qh8 31. Rg6+ 1-0

[Event "SR 4. liga A21 2009/2010"]
[Site "?"]
[Date "2010.03.07"]
[Round "10.3"]
[White "Beran, Jan"]
[Black "Kovarik, Oto"]
[Result "1-0"]
[WhiteElo "1931"]
[BlackElo "2053"]
[PlyCount "95"]
[EventDate "2010.??.??"]

1. e4 c5 2. Nf3 e6 3. d4 cxd4 4. Nxd4 a6 5. Nc3 d6 6. Be3 Nf6 7. f3 Be7 8. Qd2
Nc6 9. O-O-O Qc7 10. Kb1 Bd7 11. g4 O-O 12. h4 b5 13. h5 b4 14. Nxc6 Bxc6 15.
Ne2 Rfc8 16. Nd4 Nxe4 17. fxe4 Bxe4 18. Rh2 d5 19. Bf4 e5 20. Bg3 Bc5 21. Nf5
Bg1 22. Re2 f6 23. Bg2 Qc5 24. Bxe4 dxe4 25. Qd7 Rc7 26. Qe6+ Kh8 27. Nd6 Rf8
28. Nxe4 Qb5 29. Red2 Bd4 30. Bh4 Qc6 31. Qxc6 Rxc6 32. Rd3 h6 33. c3 bxc3 34.
bxc3 Rb8+ 35. Kc2 Kh7 36. Rb1 Rbc8 37. Rb7 Kh8 38. Kd2 Bc5 39. Rdd7 Bf8 40. Kd3
Rc4 41. Bf2 Ra4 42. Rbc7 Rb8 43. Be3 Rxa2 44. Bxh6 Rg2 45. Bxg7+ Bxg7 46. Rxg7
Rd8+ 47. Ke3 f5 48. Rh7+ 1-0

[Event "SR 4. liga A21 2009/2010"]
[Site "?"]
[Date "2010.03.07"]
[Round "10.3"]
[White "Cerovsky, Marian"]
[Black "Palka, Martin"]
[Result "1/2-1/2"]
[WhiteElo "1732"]
[BlackElo "1889"]
[PlyCount "80"]
[EventDate "2010.??.??"]

1. e4 c5 2. Nc3 d6 3. Nf3 Nc6 4. a3 Nf6 5. h3 e6 6. Bb5 Qc7 7. d3 Bd7 8. Bg5
Be7 9. O-O a6 10. Bc4 b5 11. Ba2 Rc8 12. Qd2 Ne5 13. Nxe5 dxe5 14. Ne2 h6 15.
Be3 Bd6 16. Rac1 a5 17. Ng3 Bc6 18. f3 Ke7 19. Qf2 Bb7 20. Kh1 Rcg8 21. Ne2 g5
22. c4 b4 23. axb4 axb4 24. Bb3 Nh5 25. g3 f5 26. Bd2 Qb6 27. Bd1 f4 28. g4 Nf6
29. Kg2 h5 30. Rh1 hxg4 31. hxg4 Rxh1 32. Kxh1 Rh8+ 33. Kg2 Qa5 34. b3 Nd7 35.
Ng1 Kf6 36. Kf1 Nb8 37. Be1 Nc6 38. Qb2 Nd4 39. Ra1 Qd8 40. Ra2 Rh1 1/2-1/2

[Event "SR 4. liga A21 2009/2010"]
[Site "?"]
[Date "2010.03.07"]
[Round "10.3"]
[White "Damborsky, Pavol"]
[Black "Tokos, Rastislav"]
[Result "1/2-1/2"]
[WhiteElo "1667"]
[BlackElo "1926"]
[PlyCount "136"]
[EventDate "2010.??.??"]

1. c4 b6 2. Nc3 Bb7 3. e4 c6 4. d4 d5 5. cxd5 cxd5 6. e5 e6 7. Nf3 Nc6 8. Bb5
Nge7 9. Bg5 Qd7 10. O-O a6 11. Bxc6 Nxc6 12. Rc1 b5 13. h3 h6 14. Be3 Bb4 15.
Nh2 Ne7 16. a3 Ba5 17. b4 Bd8 18. Qh5 g6 19. Qf3 h5 20. Bg5 Nf5 21. Bxd8 Rxd8
22. Ne2 Rc8 23. Rc5 O-O 24. Rfc1 Rc6 25. g4 Ng7 26. Nf4 h4 27. Qe3 Rfc8 28. Nf3
Qe7 29. Ng2 Rxc5 30. Rxc5 Rxc5 31. bxc5 f5 32. exf6 Qxf6 33. Ngxh4 Ne8 34. Qg5
Kg7 35. Qxf6+ Nxf6 36. Ne5 g5 37. Nhf3 Ne4 38. c6 Bc8 39. c7 Kf6 40. Nc6 Nd6
41. Nfe5 Bb7 42. Nd7+ Kg7 43. Nd8 Bc8 44. Nb6 Kf6 45. Nxc8 Nxc8 46. Nc6 Kf7 47.
Kg2 Ke8 48. Ne5 a5 49. Kf3 b4 50. axb4 a4 51. Nd3 a3 52. Nc1 Kd7 53. Ke3 Kxc7
54. f4 gxf4+ 55. Kxf4 Kd6 56. g5 Ne7 57. Ke3 Ng6 58. Na2 e5 59. dxe5+ Kxe5 60.
b5 d4+ 61. Kd2 Kd5 62. b6 Kc6 63. b7 Kxb7 64. Kd3 Nf4+ 65. Kxd4 Ne6+ 66. Kc4
Nxg5 67. h4 Nf3 68. h5 Kc6 1/2-1/2

[Event "SR 4. liga A21 2009/2010"]
[Site "?"]
[Date "2010.03.07"]
[Round "10.3"]
[White "Lanik, Miroslav"]
[Black "Dubecky, Ladislav"]
[Result "1-0"]
[WhiteElo "1745"]
[BlackElo "1568"]
[PlyCount "49"]
[EventDate "2010.??.??"]

1. e4 e6 2. d4 c6 3. Nc3 Nf6 4. Be3 Bb4 5. f3 Bxc3+ 6. bxc3 O-O 7. Bd3 b5 8.
Ne2 a5 9. O-O d6 10. c4 b4 11. c3 Qe7 12. Qc2 g6 13. Bg5 Nbd7 14. c5 e5 15. f4
Kg7 16. cxd6 Qe8 17. fxe5 Ng4 18. Qd2 f6 19. exf6+ Ndxf6 20. e5 Nd5 21. h3 Nxe5
22. Bh6+ Kg8 23. Rxf8+ Qxf8 24. Bxf8 Kxf8 25. dxe5 1-0

[Event "SR 4. liga A21 2009/2010"]
[Site "?"]
[Date "2010.03.07"]
[Round "10.3"]
[White "Turza, Marian"]
[Black "Hanzalik, Alojz"]
[Result "1-0"]
[WhiteElo "1000"]
[BlackElo "1408"]
[PlyCount "72"]
[EventDate "2010.??.??"]

1. e4 Nc6 2. d4 d6 3. f4 e6 4. Be3 g6 5. Nc3 Bg7 6. Qd2 Nge7 7. O-O-O O-O 8.
Kb1 d5 9. e5 Nf5 10. Nf3 Nxe3 11. Qxe3 a6 12. h4 Ne7 13. g4 f5 14. g5 Bd7 15.
h5 Be8 16. hxg6 Bxg6 17. Nh4 Rf7 18. Na4 b6 19. Qh3 Bf8 20. Nc3 c5 21. Ne2 c4
22. c3 a5 23. Ng3 b5 24. Be2 Kh8 25. Bh5 Bxh5 26. Nxh5 Ra7 27. Nf6 Rg7 28. Rdg1
Ng6 29. Nh5 Rg8 30. Nxg6+ Rxg6 31. Nf6 Rgg7 32. g6 Qe7 33. Qxh7+ Rxh7 34. Rxh7+
Qxh7 35. gxh7 Bg7 36. Kc2 Bxf6 {cierny prekrocil cas} 1-0

[Event "SR 4. liga A21 2009/2010"]
[Site "?"]
[Date "2010.03.07"]
[Round "10.4"]
[White "Gavlas, Jakub"]
[Black "Wallner, Juraj"]
[Result "0-1"]
[WhiteElo "1417"]
[BlackElo "1415"]
[PlyCount "48"]
[EventDate "2010.??.??"]

1. e4 c5 2. Nf3 e6 3. Nc3 d5 4. d4 Nf6 5. e5 Nfd7 6. Bb5 a6 7. Be2 cxd4 8. Nxd4
Nxe5 9. O-O Bd6 10. f4 Ng6 11. Qe1 O-O 12. Bd3 Qf6 13. Bxg6 fxg6 14. Nce2 Bc5
15. c3 Nc6 16. Be3 Bd7 17. Qg3 Ne7 18. b4 Bd6 19. Qg4 Nf5 20. Nf3 Nxe3 21. Qh3
Nxf1 22. Ng5 h6 23. Rxf1 hxg5 24. fxg5 Qxf1# 0-1

[Event "SR 4. liga A21 2009/2010"]
[Site "?"]
[Date "2010.03.07"]
[Round "10.4"]
[White "Klimes, Karel"]
[Black "Sadlon, Matus"]
[Result "1/2-1/2"]
[WhiteElo "1531"]
[BlackElo "1482"]
[PlyCount "97"]
[EventDate "2010.??.??"]

1. e4 e6 2. Nf3 d5 3. exd5 exd5 4. d4 c5 5. dxc5 Bxc5 6. Be2 Nf6 7. Bg5 Qb6 8.
O-O Be6 9. b3 Nc6 10. c3 Ne4 11. Bh4 h6 12. b4 Bd6 13. Nd4 Nxd4 14. Qxd4 Qxd4
15. cxd4 Bxb4 16. f3 Nd6 17. a3 Ba5 18. Bg3 Nf5 19. Bb5+ Ke7 20. Bf2 Rac8 21.
g4 Nd6 22. Ba4 Rc7 23. Ra2 Rhc8 24. Be3 b5 25. Bb3 f5 26. g5 h5 27. Bf4 g6 28.
Re2 Kd7 29. a4 a6 30. Na3 Rc3 31. Bxd6 Rxb3 32. Bc5 bxa4 33. Kg2 Rxc5 34. dxc5
Rxa3 35. c6+ Kd6 36. Rc1 Bc7 37. Rce1 Bc8 38. Re8 Ra2+ 39. Kg1 Bb6+ 40. Kh1
Kxc6 41. Rxc8+ Kd6 42. Rec1 Kd7 43. R8c6 Rb2 44. Rxg6 a3 45. Rg7+ Kd6 46. Rg6+
Kd7 47. Rg7+ Kd8 48. Rg8+ Kd7 49. Rg7+ 1/2-1/2

[Event "SR 4. liga A21 2009/2010"]
[Site "?"]
[Date "2010.03.07"]
[Round "10.4"]
[White "Kubik, Peter"]
[Black "Skapik, Branislav"]
[Result "1-0"]
[WhiteElo "1723"]
[BlackElo "1847"]
[PlyCount "65"]
[EventDate "2010.??.??"]

1. e4 d5 2. exd5 Nf6 3. d4 Nxd5 4. c4 Nb4 5. Qa4+ N8c6 6. d5 b5 7. cxb5 Nd4 8.
Na3 e5 9. dxe6 Qe7 10. Be3 Qxe6 11. Ne2 Nd3+ 12. Kd2 Bb4+ 13. Kxd3 Qf5+ 14.
Kxd4 Qc5+ 15. Ke4 f5+ 16. Kd3 Qd6+ 17. Nd4 f4 18. Nc4 Qg6+ 19. Ke2 fxe3 20.
Qxb4 Bg4+ 21. f3 O-O-O 22. Ne5 Qb6 23. Nec6 Be6 24. a4 a5 25. Qc3 Rd6 26. Nxe6
Rd2+ 27. Ke1 Re8 28. Ned4 g5 29. Rd1 Rf2 30. Be2 Rxg2 31. Rd3 g4 32. fxg4 Rxg4
33. Bxg4+ 1-0